000
00209 a2200085 4500
020
_a
9783836565868
100
_a
Philip Jodidio
245
_a
Ando: Complete Works 1975-Today
260
_b
Taschen America Llc
_c
2020
999
_c
13302
_d
13302